00381 2200157 4500245005000000020002200050250001100072100001800083650001600101005001900117260002800136041001400164084000800178300002800186336000900214 aSurga Kecil di Atas AwancKirana KejorahText a978-602-1010-45-7 aCet. 1 aKirana Kejora aNovel Fiksi a20230110070602 aJakartabEutheniac2015 aIndonesia a813 aiii, 184 hlm. :c19 cm. atext